Biggest US States Throughout History - Statistics

General Stats
  • This quiz has been taken 570 times
  • The average score is 142 of 168
Answer Stats
Group Population Answer % Correct
2019 39,776,830 California
98%
2010 37,253,956 California
98%
2000 33,871,648 California
98%
1990 29,760,021 California
98%
1980 23,667,902 California
98%
1970 19,953,134 California
98%
1960 15,717,204 California
98%
1950 10,586,223 California
98%
1940 6,907,387 California
98%
1930 5,677,251 California
98%
2019 19,862,512 New York
97%
2010 19,378,102 New York
97%
2000 18,976,457 New York
97%
1990 17,990,455 New York
97%
1980 17,558,072 New York
97%
1970 18,236,967 New York
97%
1960 16,782,304 New York
97%
1950 14,830,192 New York
97%
1940 13,479,142 New York
97%
1930 12,588,066 New York
97%
1920 10,385,227 New York
97%
1910 9,113,614 New York
97%
1900 7,268,894 New York
97%
1890 6,003,174 New York
97%
1880 5,082,871 New York
97%
1870 4,382,759 New York
97%
1860 3,880,735 New York
97%
1850 3,097,394 New York
97%
1840 2,428,921 New York
97%
1830 1,918,608 New York
97%
1820 1,372,812 New York
97%
1810 959,049 New York
97%
1800 586,050 New York
97%
1790 340,120 New York
97%
2019 28,704,330 Texas
97%
2010 25,145,561 Texas
97%
2000 20,851,820 Texas
97%
1990 16,986,510 Texas
97%
1980 14,229,191 Texas
97%
1970 11,196,730 Texas
97%
1960 9,579,677 Texas
97%
1950 7,711,194 Texas
97%
1940 6,414,824 Texas
97%
1930 5,824,715 Texas
97%
1920 4,663,228 Texas
97%
1910 3,896,542 Texas
97%
1900 3,048,710 Texas
97%
1890 2,235,523 Texas
97%
2019 21,312,211 Florida
93%
2010 18,801,310 Florida
93%
2000 15,982,378 Florida
93%
1990 12,937,926 Florida
93%
1980 9,746,324 Florida
93%
2019 12,823,989 Pennsylvania
88%
2010 12,702,379 Pennsylvania
88%
2000 12,281,054 Pennsylvania
88%
1990 11,881,643 Pennsylvania
88%
1980 11,863,895 Pennsylvania
88%
1970 11,793,909 Pennsylvania
88%
1960 11,319,366 Pennsylvania
88%
1950 10,498,012 Pennsylvania
88%
1940 9,900,180 Pennsylvania
88%
1930 9,631,350 Pennsylvania
88%
1920 8,720,017 Pennsylvania
88%
1910 7,665,111 Pennsylvania
88%
1900 6,302,115 Pennsylvania
88%
1890 5,258,014 Pennsylvania
88%
1880 4,282,891 Pennsylvania
88%
1870 3,521,951 Pennsylvania
88%
1860 2,906,215 Pennsylvania
88%
1850 2,311,786 Pennsylvania
88%
1840 1,724,033 Pennsylvania
88%
1830 1,348,233 Pennsylvania
88%
1820 1,049,458 Pennsylvania
88%
1810 810,091 Pennsylvania
88%
1800 602,545 Pennsylvania
88%
1790 434,373 Pennsylvania
88%
1860 1,231,066 Virginia
85%
1850 1,119,348 Virginia
85%
1840 1,025,227 Virginia
85%
1830 1,044,054 Virginia
85%
1820 938,261 Virginia
85%
1810 877,683 Virginia
85%
1800 807,683 Virginia
85%
1790 691,937 Virginia
85%
2019 12,768,320 Illinois
83%
2010 12,830,632 Illinois
83%
2000 12,419,293 Illinois
83%
1990 11,430,602 Illinois
83%
1980 11,426,518 Illinois
83%
1970 11,113,976 Illinois
83%
1960 10,081,158 Illinois
83%
1950 8,712,176 Illinois
83%
1940 7,897,241 Illinois
83%
1930 7,630,654 Illinois
83%
1920 6,485,280 Illinois
83%
1910 5,635,591 Illinois
83%
1900 4,821,550 Illinois
83%
1890 3,826,351 Illinois
83%
1880 3,077,871 Illinois
83%
1870 2,539,891 Illinois
83%
1860 1,711,951 Illinois
83%
2019 11,694,664 Ohio
82%
2010 11,536,504 Ohio
82%
2000 11,353,140 Ohio
82%
1990 10,847,115 Ohio
82%
1980 10,797,630 Ohio
82%
1970 10,652,017 Ohio
82%
1960 9,706,397 Ohio
82%
1950 7,946,627 Ohio
82%
1940 6,907,612 Ohio
82%
1930 6,646,697 Ohio
82%
1920 5,759,394 Ohio
82%
1910 4,767,121 Ohio
82%
1900 4,157,545 Ohio
82%
1890 3,672,316 Ohio
82%
1880 3,198,062 Ohio
82%
1870 2,665,260 Ohio
82%
1860 2,339,511 Ohio
82%
1850 1,980,329 Ohio
82%
1840 1,519,467 Ohio
82%
1830 937,903 Ohio
82%
1820 581,434 Ohio
82%
1920 3,852,356 Massachusetts
81%
1910 3,366,416 Massachusetts
81%
1900 2,805,710 Massachusetts
81%
1890 2,238,943 Massachusetts
81%
1880 1,783,085 Massachusetts
81%
1870 1,457,351 Massachusetts
81%
1860 1,350,428 Massachusetts
81%
1850 994,514 Massachusetts
81%
1820 523,287 Massachusetts
81%
1810 472,040 Massachusetts
81%
1800 422,845 Massachusetts
81%
1790 378,787 Massachusetts
81%
1840 753,419 North Carolina
80%
1830 737,987 North Carolina
80%
1820 638,829 North Carolina
80%
1810 556,526 North Carolina
80%
1800 478,103 North Carolina
80%
1790 393,751 North Carolina
80%
1970 8,875,083 Michigan
76%
1960 7,823,194 Michigan
76%
1950 6,371,766 Michigan
76%
1940 5,256,106 Michigan
76%
1930 4,842,325 Michigan
76%
1920 3,668,412 Michigan
76%
1810 415,115 South Carolina
67%
1800 345,591 South Carolina
67%
1790 249,073 South Carolina
67%
1800 341,548 Maryland
63%
1790 319,728 Maryland
63%
1850 1,002,717 Tennessee
61%
1840 829,210 Tennessee
61%
1830 681,904 Tennessee
61%
1880 1,978,301 Indiana
60%
1870 1,680,637 Indiana
60%
1860 1,350,428 Indiana
60%
1850 988,416 Indiana
60%
1840 779,828 Kentucky
57%
1830 687,917 Kentucky
57%
1820 564,317 Kentucky
57%
1810 406,511 Kentucky
57%
1910 3,293,335 Missouri
45%
1900 3,106,665 Missouri
45%
1890 2,679,184 Missouri
45%
1880 2,168,380 Missouri
45%
1870 1,721,295 Missouri
45%
No matching quizzes found
Score Distribution
Percent of People with Each Score
Percentile by Number Answered
Your Score History
You have not taken this quiz